| 000 | 01515cam a2200301 a 4500 | ||
|---|---|---|---|
| 999 |
_c96 _d96 |
||
| 001 | 16244842 | ||
| 003 | Nust | ||
| 005 | 20170105095819.0 | ||
| 008 | 100520s2010 enka b 001 0 eng | ||
| 010 | _a 2010021481 | ||
| 020 | _a9781848720473 (pb) | ||
| 040 |
_aDLC _cDLC _dDLC |
||
| 042 | _apcc | ||
| 050 | 0 | 0 |
_aHA32 _b.K554 2010 |
| 082 | 0 | 0 |
_a005.5/5 _222 |
| 100 | 1 | _aKinnear, Paul R. | |
| 245 | 1 | 0 |
_aIBM SPSS statistics 18 made simple / _cPaul R. Kinnear & Colin D. Gray. |
| 260 |
_aHove, East Sussex ; _aNew York : _bPsychology Press, _c2010. |
||
| 300 |
_axvi, 655 p. : _bill. (some col.) ; _c25 cm. |
||
| 504 | _aIncludes bibliographical references and index. | ||
| 505 | 0 | _aGetting started with SPSS statistics 18 -- Editing data sets -- Describing and exploring your data -- Graphs and charts -- Comparing averages : two-sample and one-sample tests -- The one-way ANOVA -- Between subjects factorial experiments -- Within subjects -- Experiments -- Mixed factorial experiments -- Measuring statistical association -- Regression -- Analyses of multiway frequency tables -- Discriminant analysis and logistic regression -- The search for latent variables : factor analysis. | |
| 630 | 0 | 0 | _aSPSS (Computer file) |
| 650 | 0 |
_aSocial sciences _xStatistical methods _xComputer programs. |
|
| 700 | 1 | _aGray, Colin D. | |
| 906 |
_a7 _bcbc _corignew _d1 _eecip _f20 _gy-gencatlg |
||
| 942 |
_2ddc _cBK |
||